Compendio de los tests psicodiagnósticos / (Registro nro. 4928)
[ vista simple ]
| 000 -LEADER | |
|---|---|
| fixed length control field | 01072nam a2200253Ia 4500 |
| 003 - CONTROL NUMBER IDENTIFIER | |
| control field | OSt |
| 005 - DATE AND TIME OF LATEST TRANSACTION | |
| control field | 20200403130856.0 |
| 008 - FIXED-LENGTH DATA ELEMENTS--GENERAL INFORMATION | |
| fixed length control field | 191128s1962 ag gr 001 0 spa d |
| 040 ## - CATALOGING SOURCE | |
| Original cataloging agency | CO-JMCR |
| Transcribing agency | CO-JMCR |
| 041 0# - LANGUAGE CODE | |
| Language code of text/sound track or separate title | spa |
| 082 04 - DEWEY DECIMAL CLASSIFICATION NUMBER | |
| Classification number | 153.93 / |
| Item number | H342c |
| 100 1# - MAIN ENTRY--PERSONAL NAME | |
| Personal name | Hildergard, Hiltman, |
| Relator term | autor |
| 9 (RLIN) | 2482 |
| 245 10 - TITLE STATEMENT | |
| Title | Compendio de los tests psicodiagnósticos / |
| Statement of responsibility, etc. | Hiltman Hildergard ; traductor, Juan JorgeThomas, |
| 260 ## - PUBLICATION, DISTRIBUTION, ETC. | |
| Place of publication, distribution, etc. | Buenos Aires : |
| Name of publisher, distributor, etc. | Kapelusz, |
| Date of publication, distribution, etc. | 1962 |
| 300 ## - PHYSICAL DESCRIPTION | |
| Extent | 190 páginas ; |
| Dimensions | 20 cm. |
| 300 ## - PHYSICAL DESCRIPTION | |
| Dimensions | |
| 490 1# - SERIES STATEMENT | |
| Series statement | Biblioteca de psicología contemporánea |
| 505 ## - FORMATTED CONTENTS NOTE | |
| Formatted contents note | Test colectivos para la medición y operación de la inteligencia -- Test individual para la medición y aprecición de la inteligencia -- Test y métodos mecánicos para el examen de facultad y aptitudes -- Test para el examen de la atención, de la concentraci |
| 534 ## - ORIGINAL VERSION NOTE | |
| Introductory phrase | Kompendium der Psychodiagnostischen |
| 650 14 - SUBJECT ADDED ENTRY--TOPICAL TERM | |
| Topical term or geographic name entry element | Pruebas psicológicas |
| 9 (RLIN) | 2483 |
| 650 24 - SUBJECT ADDED ENTRY--TOPICAL TERM | |
| Topical term or geographic name entry element | Mediciones y pruebas educativas |
| 9 (RLIN) | 2484 |
| 700 1# - ADDED ENTRY--PERSONAL NAME | |
| Personal name | Thomas, Juan Jorge, |
| Relator term | traductor |
| 9 (RLIN) | 1414 |
| 942 ## - ADDED ENTRY ELEMENTS (KOHA) | |
| Source of classification or shelving scheme | Dewey Decimal Classification |
| Koha item type | Books |
| Withdrawn status | Lost status | Source of classification or shelving scheme | Materials specified (bound volume or other part) | Damaged status | Not for loan | Home library | Current library | Date acquired | Source of acquisition | Cost, normal purchase price | Total Checkouts | Full call number | Barcode | Date last seen | Date last checked out | Copy number | Price effective from | Koha item type |
|---|---|---|---|---|---|---|---|---|---|---|---|---|---|---|---|---|---|---|
| Dewey Decimal Classification | Donación--15/04/2018-- | Biblioteca Pública José María del Castillo y Rada | Biblioteca Pública José María del Castillo y Rada | 11/28/2019 | Donación | 0.00 | 3 | 153 93 / H342c | 430001017 | 04/07/2025 | 04/04/2025 | Ej.1 | 11/28/2019 | Books |